000 01493nam a22001577a 4500
999 _c517387
_d517387
008 210712b ||||| |||| 00| 0 eng d
100 _aKasdan, David Oliver
_926595
245 _aToward a theory of behavioral public administration
260 _aInternational Review of Administrative Sciences
300 _a86(4), Dec, 2020: p.605-621
520 _aThe connection between public administration and behavioral economics goes back to Herbert Simon, who recognized the tension between the institutional demands of rational efficiency and the reality of individuals’ alternate objectives. There is now a concentrated research push at the intersection of behavioral economics and governance, following recently publicized evidence of favorable synergies. Public administration can use behavioral economics in a variety of implementations, from boosting public service motivation to improving policy compliance. This article reviews the current discourse on the development of behavioral public administration, describes some dominant concepts currently being applied, and then offers a framework with propositions for a theory of behavioral public administration in order to enable further experimental inquiry and inform better governance. – Reproduced
650 _aAdministrative theory, Behavioral economics, Bounded rationality, Compliance, Nudge, Paternalism
_925057
773 _aInternational Review of Administrative Sciences
906 _aADMINISTRATIVE THEORY
942 _cAR